00603nam a2200181Ia 4500952013700000999001300137003000400150005001700154008004100171040000900212082002500221100002500246245004800271260002500319300001000344650001100354942005600365 00102ddc40708QUR'ANaMESbMEScARBd2019-02-20g11.00l0o297.122594812 MOU/Vp4587r2019-02-20 00:00:00w2019-02-20yREFzU15R1 c120d120OSt20201224123005.0190216s9999||||xx |||||||||||||| ||und|| coclc a297.122594812bMOU/V aMoulavi, Alavi97808 0aVishudha Qur'an Paribhasha /cAlavi Moulavi bYamuna Publications, a1370p aArabic cBK2ddch297.122594812iMOU/Vk297.122594812mMOU/V